000 00247nam a2200097Ia 4500
005 20251222114342.0
008 251222s1900||||xx |||||||||||||| ||spa||
082 _aDVD0120/L54/1983/T.2/Ej.2
245 0 _aCentennial gala:Gala del centenario
942 _cDVD
999 _c902
_d902